Les clubs de football les mieux valorisés du monde - Statistiques

Statistiques générales
  • Ce quiz a été pris 130 fois
    67 depuis la dernière actualisation
  • Le résultat moyen est 54 sur 100
Statistiques - réponses
Rang Valeur Pays Club % Correct
1 1,38 mrd. € Espagne Real Madrid
98%
4 1,19 mrd. € France Paris Saint-Germain
96%
7 1,04 mrd. € Angleterre FC Liverpool
93%
8 980,65 mio. € Allemagne Bayern Munich
91%
6 1,12 mrd. € Espagne FC Barcelone
91%
3 1,19 mrd. € Angleterre Manchester City
91%
10 719,15 mio. € Angleterre Manchester United
91%
31 397,80 mio. € France Olympique de Marseille
89%
2 1,29 mrd. € Angleterre Arsenal FC
88%
5 1,18 mrd. € Angleterre Chelsea FC
86%
12 670,30 mio. € Italie Inter Milan
86%
15 551,70 mio. € Italie Juventus Turin
84%
60 193,20 mio. € France Olympique Lyonnais
84%
20 485,50 mio. € Italie AC Milan
81%
18 511,40 mio. € Allemagne Borussia Dortmund
81%
22 466,80 mio. € Italie SSC Napoli
81%
9 878,50 mio. € Angleterre Tottenham Hotspur
79%
37 350,50 mio. € Portugal SL Benfica
75%
39 339,55 mio. € France AS Monaco
74%
29 402,00 mio. € Italie AS Roma
74%
17 519,50 mio. € Angleterre Aston Villa
74%
14 589,00 mio. € Espagne Atlético de Madrid
74%
28 407,80 mio. € Portugal FC Porto
74%
55 235,00 mio. € France LOSC Lille
74%
11 712,95 mio. € Angleterre Newcastle United
72%
64 187,70 mio. € Pays-Bas Ajax Amsterdam
70%
78 153,00 mio. € France OGC Nice
68%
23 463,00 mio. € Portugal Sporting CP
68%
52 236,85 mio. € Italie Lazio Rome
67%
41 317,45 mio. € France RC Strasbourg Alsace
65%
63 188,80 mio. € France Stade Rennais FC
65%
32 373,25 mio. € Angleterre West Ham United
65%
46 275,00 mio. € Pays-Bas PSV Eindhoven
63%
96 131,40 mio. € Espagne Séville FC
63%
48 269,70 mio. € Espagne Villarreal CF
63%
42 313,08 mio. € Angleterre Leeds United
61%
53 235,45 mio. € Pays-Bas Feyenoord Rotterdam
60%
45 289,85 mio. € Turquie Galatasaray
60%
26 415,25 mio. € Allemagne RB Leipzig
60%
51 240,45 mio. € Italie ACF Fiorentina
58%
25 445,45 mio. € Allemagne Bayer 04 Leverkusen
58%
33 365,05 mio. € Angleterre AFC Sunderland
56%
43 303,00 mio. € Espagne Athletic Bilbao
56%
34 364,40 mio. € Allemagne Eintracht Francfort
56%
74 156,00 mio. € Espagne FC Valencia
56%
13 619,60 mio. € Angleterre Nottingham Forest
56%
100 126,50 mio. € Ecosse Celtic Glasgow
54%
30 400,85 mio. € Angleterre FC Everton
54%
27 414,60 mio. € Italie Atalanta BC
51%
16 519,50 mio. € Angleterre Brighton & Hove Albion
51%
57 219,80 mio. € Espagne Real Betis Balompié
51%
36 353,60 mio. € Angleterre Wolverhampton Wanderers
51%
62 192,15 mio. € Arabie Saoudite Al-Hilal SFC
49%
40 324,20 mio. € Italie Como 1907
49%
19 501,60 mio. € Angleterre Crystal Palace
49%
44 291,50 mio. € Italie FC Bologna
49%
47 270,50 mio. € Turquie Fenerbahce
49%
21 483,85 mio. € Angleterre AFC Bournemouth
47%
90 138,13 mio. € Arabie Saoudite Al-Nassr FC
47%
72 162,40 mio. € Angleterre (2ème division) Leicester City
47%
77 154,20 mio. € Turquie Besiktas JK
46%
65 187,50 mio. € Brésil Club Regatas Flamengo
46%
92 136,90 mio. € Portugal SC Braga
46%
69 174,90 mio. € Russie Zenith St. Pétersbourg
44%
35 355,95 mio. € Angleterre FC Fulham
42%
99 129,45 mio. € Allemagne Hamburger SV
42%
38 342,90 mio. € Allemagne VfB Stuttgart
42%
49 253,75 mio. € Angleterre Burnley FC
40%
24 455,90 mio. € Angleterre FC Brentford
40%
80 149,15 mio. € Allemagne Borussia Mönchengladbach
37%
93 136,45 mio. € Grèce Olympiakós Le Pirée
37%
50 250,70 mio. € Espagne Real Sociedad
37%
66 187,30 mio. € Allemagne SV Werder Bremen
37%
89 138,90 mio. € Italie Torino FC
37%
95 133,28 mio. € Allemagne 1.FC Köln
35%
94 135,20 mio. € Allemagne 1.FSV Mainz 05
35%
59 196,60 mio. € Belgique Club Brugge KV
35%
81 146,50 mio. € Espagne Girona FC
35%
68 182,20 mio. € Allemagne SC Fribourg
35%
67 183,00 mio. € Angleterre (2ème division) FC Southampton
33%
73 158,70 mio. € Italie US Sassuolo
33%
91 137,70 mio. € Brésil Botafogo de Futebol e Regatas
32%
86 140,40 mio. € Espagne Celta Vigo
32%
85 140,90 mio. € Italie Genoa CFC
32%
76 154,85 mio. € Italie Udinese Calcio
32%
82 145,93 mio. € Pays-Bas AZ Alkmaar
30%
75 155,60 mio. € Italie Parma Calcio 1913
30%
97 131,35 mio. € Russie Spartak Moscou
28%
54 235,40 mio. € Allemagne VfL Wolfsburg
28%
87 140,35 mio. € Arabie Saoudite Al-Ittihad Club
26%
70 163,30 mio. € Ukraine Shakhtar Donetsk
26%
56 232,30 mio. € Brésil Sociedade Esportiva Palmeiras
26%
61 192,25 mio. € Angleterre (2ème division) Ipswich Town
25%
58 203,35 mio. € Allemagne TSG 1899 Hoffenheim
25%
98 129,93 mio. € Angleterre (2ème division) Sheffield United
23%
71 163,08 mio. € Arabie Saoudite Al-Ahli SFC
21%
84 143,80 mio € Angleterre (2ème division) Coventry City
21%
83 144,65 mio. € Belgique KRC Genk
21%
79 149,38 mio. € Allemagne FC Augsburg
18%
88 139,20 mio. € Brésil Cruzeiro Esporte Clube
11%
Aucun quiz correspondant
Distribution des résultats
% des personnes avec chaque résultat
Percentile par nombre de réponses
Votre historique - résultats
Vous n’avez pas pris ce quiz depuis la dernière actualisation